| 000 | 00667nam a2200181 a 4500 | ||
|---|---|---|---|
| 003 | AM-YeHGA | ||
| 005 | 20250617163002.0 | ||
| 008 | 090330s1959 ai | |||||||||||||rus|d | ||
| 040 | _aAM-YeHGA | ||
| 041 | 0 | _arus | |
| 245 | 0 | 0 |
_aСельскохозяйственная техника в семилетке / _cП.И. Антышев и др. |
| 260 |
_aМ. : _bСельхозгиз, _c1959. |
||
| 300 |
_a96 с. : _bтабл., рис. ; _c20 см. |
||
| 650 | 1 | 4 | _aМеханизация сельского хозяйства |
| 650 | 1 | 4 | _aСельскохозяйственные машины и орудия |
| 700 | 1 | _aАнтышев, П.И. | |
| 090 | _c502372 | ||
| 999 |
_c498967 _d498967 |
||